000 00554nam a2200181Ia 4500
008 100920s9999 xx 000 0 und d
082 _b103706
_a891.43 न 08
100 _aमिश्र अवध बिहारी.
245 _aवैदिक गणित.
260 _bशब्दलोक ,दिल्ली.
_c2008
300 _a135
_bसाधी
365 _b150
520 _aहिंदी.
630 _aवैदिक गणित.
650 _aहिंदी.
730 _aवैदिक गणित.
942 _cBOOK
999 _c744138
_d744135